000 00906nam a2200217Ii 4500
003 JO-AjNU
008 230605s9999||||xx |||||||||||||| ||und||
017 _a2008/3/787
040 _aJO-AjNU
_bara
_erda
_cJO-AjNU
041 _aara
050 1 4 _aKMM370.F73.2008
100 3 _aاعداد إيمان فريخات ,
_eauthor
_921310
245 0 0 _aتاريخ القضاء في الأردن ( 1921م - 1989م )
250 _aط1
264 3 1 _aعمان : إيمان فريحات ، 2008
300 _a445ص
_bيشتمل على مصادر ومراجع ببلوغرافية ص ( 387 - 400 ) ويشتمل على ملاحق ص ( 401 -445 )
336 _atext
_btxt
_2rdacontent
337 _aunmediated
_bn
_2rdamedia
338 _avolume
_bnc
_2rdacarrier
650 4 _aالقضاء -- الأردن -- تاريخ الأردن -- المحاكمات -- المحاكم -- القوانين والأنظمة
_921311
999 _aA7380
_c10948
_d10948